000 00949nam a2200253Ia 4500
003 OSt
005 20220923214733.0
006 a|||||r|||| 00| 0
007 ta
008 220922b |||||||| |||| 00| 0 hin d
024 _a172,107
037 _cTextual
040 _aARTS
_cARTS
_bhin
041 _2hin
_ahin
082 _aO152,2M89:g, N8
100 _aचौहान, देव किशन
245 0 _aप्रसाद के नाटको में नायक की अवधारणा, देव किशन चौहान
246 _aPrasād ke nāṭako mean nāyak kī avadhāraṇā, dev kishan chauhāna
260 _aदिल्ली
_b स्वराज प्रकाशन
_c1998
300 _a143 पृ.
_ccm.
650 _aहिन्दी साहित्य
_9156264
942 _hO152,2M89:g, N8
_cTEXL
_2CC
999 _c326231
_d326231